000
00249cam a22000977a 4500
008
180718b1959 xxu||||| |||| 00| 0 eng d
082
_a
L28x54 In2g
245
_a
Indian customs tariff guide
260
_a
Delhi
_b
Government Press
_c
1959
300
_a
317p.
999
_c
429435
_d
429435